01028naa a2200193 a 450000100080000000500110000800800410001910000160006024500600007626000090013652004360014565300160058165300190059765300170061670000220063370000180065570000200067377301410069310871782012-10-16 2011 bl uuuu u00u1 u #d1 aWICKERT, E. aAvalia????o de linhagens para tipos especiais de arroz. c2011 aTr??s gen??tipos de arroz tipos especiais foram avaliados quanto as caracter??sticas agron??micas e produtividade, na Esta????o EXperimental de Itaja??, na safra 2010/11. Os resultados mostraram que as linhagens de arroz preto (SC 606 e SC 607) e a linhagem de arroz-vermelho (SC 608) possuem caracter??sticas agron??micas e produtividade compat??veis com a demanda apresentada pelo mercado de arroz com caracter??sticas especiais. aArroz preto aArroz vermelho aOryza sativa1 aSCHIOCCHET, M. A.1 aNOLDIN, J. A.1 aRAIMONDI, J. V. tIn: CONGRESSO BRASILEIRO DE ARROZ IRRIGADO, 7., 2011, Balne??rio Cambori??, SC. Anais... Itaja??, SC: Epagri / Sosbai, 2011. p. 213-215.